Cropping systems in Asia on farm research and management

Wedi'i Gadw mewn:
Manylion Llyfryddiaeth
Prif Awdur: M Z Hoque
Fformat: Llyfr
Iaith:Undetermined
Cyhoeddwyd: Philippines IRRI 1984
Pynciau:
Tagiau: Ychwanegu Tag
Dim Tagiau, Byddwch y cyntaf i dagio'r cofnod hwn!
Thư viện lưu trữ: Trung tâm Học liệu Trường Đại học Cần Thơ
LEADER 00532nam a2200181Ia 4500
001 CTU_13185
008 210402s9999 xx 000 0 und d
082 |a 631.095 
082 |b H799 
100 |a M Z Hoque 
245 0 |a Cropping systems in Asia on farm research and management 
245 0 |c M Z Hoque 
260 |a Philippines 
260 |b IRRI 
260 |c 1984 
650 |a agriculture - international cooperation,agriculture - research 
904 |i Minh, 961123 
980 |a Trung tâm Học liệu Trường Đại học Cần Thơ